00649nam a2200193Ia 4500003000400000005001700004008004100021020001800062040001800080041000800098082002200106100002000128245012200148250001200270260004500282300003100327650004800358650004900406OSt20220829124557.0210716s2018 xx 000 0 und d a9781787127562 cAIMIT LIBRARY aeng a005.448 21bRAJD aRajput, Dinesh. aMastering spring boot 2.0 :bbuild modern cloud native and distributed systems using spring boot /cBy Dinesh Rajput. a1st ed. aMumbai :bPackt Publishing Ltd ,c2018 . avii, 375p. ;bPBc23.5 cm. aSpring cloud netflix and service discovery  aCreating API gateway with Netflix Zuul Proxy